000 00443nam a2200169Ia 4500
008 131103s9999 xx 000 0 und d
040 _aLoreto College
041 _aEnglish
082 _a891.443/BAN
_bLCLIB/BnSem
100 _aBanerjee, Tarasankar
245 _aTamosh-tapasya
_cTarasankar Banerjee
250 _a2nd ed.
260 _aCalcutta
_bSahitya Jagat
_c1951
300 _a248p
_c 18cm
650 _aBengali Fiction
942 _cBK
999 _c20102
_d70581